000 00426nam a2200169Ia 4500
008 210719s1994 xx 000 0 und d
020 _a8172860153
041 _aeng
082 _a001.6424C LEAU
100 _aLEACH (Ronald)
245 _aUsing C in software design.
260 _aBoston
_bAcademic Press
_c1994
300 _axiii,402
_bPB
365 _cRs
650 _aComputer Science
906 _aC in software design
999 _c213939
_d213939